00442nam a2200157Ia 4500100002600000650001400026942000700040654001200047245002200059260004000081082001000121300000800131546001200139999001700151952011600168 aSalmon/W./ Simon/E.N  aChemistry cBK aFoundry aFoundry Practice bEnglish language book societyc2001 a671.2 a374 aENGLISH c30566d30566 001040708AFTaCRCEbCRCEc1486 | 63d2023-03-17g10.80l0o671.2 pAFT240r2023-03-17v10.80w2023-03-17yBK